| 000 | 00916nam a2200193 a 4500 | ||
|---|---|---|---|
| 008 | 160331s2008 ||||||||||||||||| || u | ||
| 020 | _a9780123736536 | ||
| 050 | _aR 724 Man | ||
| 100 | _aSchachter, Steven C | ||
| 245 | 1 | 0 |
_aManaging relationships with industry: a physician's compliance manual _cBy Schachter, Steven C. Mandell, William, Harshbarger, Scott, Grometstein, Randall. |
| 260 |
_aAmsterdam: _bAcademic Press/Elsevier _c2008 |
||
| 300 | _axxxiii, 288p. | ||
| 350 | _a49.95 | ||
| 650 | _aMEDICAL INSTRUMENTS AND APPARATUS INDUSTRY--UNITED STATES | ||
| 650 | _aPHYSICIANS--ETHICS--UNITED STATES | ||
| 650 | _aMEDICAL ETHICS--UNITED STATES | ||
| 650 | _aPHYSICIANS--LEGISLATION AND JURISPRUDENCE--UNITED STATES | ||
| 995 |
_aMICHAEL CHILUFYA SATA OPEN ACCESS _e903558 _FCBU-SCHOOL OF MEDICINE LIBRARY (Ndola) _I49.95 _jR 724 Man _M1 _UAVAILABLE _WApr 13, 2016 _y903558 _ZMedical Library Open Access Collection |
||
| 999 |
_c31955 _d31955 |
||